<?xml version="1.0" encoding="UTF-8"?>
<record
    xmlns:xsi="http://www.w3.org/2001/XMLSchema-instance"
    xsi:schemaLocation="http://www.loc.gov/MARC21/slim http://www.loc.gov/standards/marcxml/schema/MARC21slim.xsd"
    xmlns="http://www.loc.gov/MARC21/slim">

  <leader>00773nam a2200181Ia 4500</leader>
  <controlfield tag="003">LDD</controlfield>
  <controlfield tag="008">190117s9999    xx            000 0 und d</controlfield>
  <datafield tag="020" ind1=" " ind2=" ">
    <subfield code="c">&#x20B9;30</subfield>
  </datafield>
  <datafield tag="040" ind1=" " ind2=" ">
    <subfield code="c">LDD</subfield>
  </datafield>
  <datafield tag="041" ind1=" " ind2=" ">
    <subfield code="a">hi</subfield>
  </datafield>
  <datafield tag="082" ind1=" " ind2=" ">
    <subfield code="a">8H0.1 &#x936;63592&#x939;&#x93F;</subfield>
  </datafield>
  <datafield tag="100" ind1=" " ind2=" ">
    <subfield code="a">&#x936;&#x930;&#x94D;&#x92E;&#x93E;, &#x930;&#x92E;&#x947;&#x936; &#x91A;&#x928;&#x94D;&#x926;&#x94D;&#x930;</subfield>
  </datafield>
  <datafield tag="245" ind1=" " ind2="0">
    <subfield code="a">&#x939;&#x93F;&#x928;&#x94D;&#x926;&#x940; &#x938;&#x93E;&#x939;&#x93F;&#x924;&#x94D;&#x92F;</subfield>
    <subfield code="b"> &#x938;&#x93E;&#x938;&#x94D;&#x915;&#x943;&#x924;&#x93F;&#x915; &#x906;&#x927;&#x93E;&#x930;-&#x92D;&#x942;&#x92E;&#x93F; (11&#x935;&#x940;&#x902;-13&#x935;&#x940;&#x902; &#x936;&#x924;&#x93E;&#x92C;&#x94D;&#x926;&#x940;)</subfield>
    <subfield code="c">&#x930;&#x92E;&#x947;&#x936; &#x91A;&#x928;&#x94D;&#x926;&#x94D;&#x930; &#x936;&#x930;&#x94D;&#x92E;&#x93E;</subfield>
  </datafield>
  <datafield tag="246" ind1=" " ind2=" ">
    <subfield code="a"> Hindi sahitya</subfield>
    <subfield code="b"> sanskr</subfield>
  </datafield>
  <datafield tag="260" ind1=" " ind2=" ">
    <subfield code="a">&#x905;&#x932;&#x940;&#x917;&#x922;&#x93C;                                                      |</subfield>
    <subfield code="b">&#x93E;&#x930;&#x924;                                                                            1</subfield>
    <subfield code="c">1980</subfield>
  </datafield>
  <datafield tag="300" ind1=" " ind2=" ">
    <subfield code="a">176&#x92A;&#x943;.</subfield>
  </datafield>
  <datafield tag="942" ind1=" " ind2=" ">
    <subfield code="2">ddc</subfield>
    <subfield code="c">H</subfield>
  </datafield>
  <datafield tag="952" ind1=" " ind2=" ">
    <subfield code="0">0</subfield>
    <subfield code="1">0</subfield>
    <subfield code="2">ddc</subfield>
    <subfield code="4">0</subfield>
    <subfield code="7">0</subfield>
    <subfield code="9">170684</subfield>
    <subfield code="a">LDD</subfield>
    <subfield code="b">LDD</subfield>
    <subfield code="d">2019-01-17</subfield>
    <subfield code="l">0</subfield>
    <subfield code="o">8H0.1 &#x936;63592&#x939;&#x93F;</subfield>
    <subfield code="p">H000048</subfield>
    <subfield code="r">2019-01-17</subfield>
    <subfield code="w">2019-01-17</subfield>
    <subfield code="y">H</subfield>
  </datafield>
  <datafield tag="999" ind1=" " ind2=" ">
    <subfield code="c">170942</subfield>
    <subfield code="d">170942</subfield>
  </datafield>
</record>
